| 000 | 00441nam a22001577a 4500 | ||
|---|---|---|---|
| 005 | 20250221195616.0 | ||
| 008 | 250221b |||||||| |||| 00| 0 eng d | ||
| 050 | _aHD59 SAR | ||
| 100 | _aSardana C. K. | ||
| 245 |
_aThe Challenge of Public Relations/ _cC. K. Sardana |
||
| 260 |
_aNEw Delhi _bHAR-ANAND Publications PVT Ltd. _c1995 |
||
| 300 |
_a145p. _c16 cm |
||
| 500 | _aIncludes Index | ||
| 650 | _2Public Relations | ||
| 942 |
_2lcc _cBK _n0 |
||
| 999 |
_c4074 _d4074 |
||